00836nam a2200241 i 4500001000300000100002000003245006800023260004600091300002800137490002500165600005100190650004000241650003700281700003300318830002100351020001800372020001500390040000800405041001300413080002900426008004100455856009800496bg1 aPauli, Tatjana.0 aMantegna /c[tekst Tatjana Pauli ; tł. Aleksandra Leoncewicz]. aWarszawa :bRzeczpospolita ;bHPS,c2006. a143 s. :bil. ;c26 cm.1 aKlasycy Sztuki ;v3209aMantegna, Andread(1431-1506)xtwórczość 0aMalarstwo włoskiexhistoriay15 w. 0aGrafika włoskaxhistoriay15 w.01aLeoncewicz, AleksandraeTł. aKlasycy Sztuki ; a9788360688069 a8360688060 cBPK1 apolheng a75.07A/Z(450)"14"(084.1) s pl f |000 0 pol  uhttp://koha.tu.koszalin.pl/cgi-bin/koha/opac-detail.pl?biblionumber=53749yKatalog online BPK